| 000 | 00339cam a22001217a 4500 | ||
|---|---|---|---|
| 008 | 180718b1961 xxu||||| |||| 00| 0 eng d | ||
| 082 | _aB253x54 R18 | ||
| 100 | _aRao, K.V. | ||
| 245 |
_aParliamentary democracy of India _cby K.V. Rao |
||
| 260 |
_aCalcutta _bWorld Press _c1961 |
||
| 300 | _axvi, 365p | ||
| 650 | _aConstitutional law --India. | ||
| 999 |
_c420822 _d420822 |
||